Personnages Dessins Animés TV années 70-80-90 - Statistiques

Statistiques générales
  • Ce quiz a été pris 1 155 fois
  • Le résultat moyen est 23 sur 40
Statistiques - réponses
Par images Réponse % Correct
Homer Simpson
95%
Maya
95%
Gargamel
92%
Inspecteur Gadget
91%
Barbapapa
88%
Calimero
88%
Esteban
88%
Heidi
88%
Lucky Luke
88%
Olivier Atton
85%
Son Goku
80%
Tom Sawyer
79%
Nicky Larson
74%
Zia
73%
Albator
70%
Candy
68%
Le Grand Schtroumpf
68%
Vegeta
67%
Sarah Crewe
65%
Ulysse
63%
Bouba
62%
Jeanne Hazuki
62%
Ken
52%
Capitaine Flam
51%
Rémi
50%
Musclor
46%
Cobra
39%
Oscar
39%
Maestro
34%
Gigi
33%
Ranma
32%
Clémentine
31%
Skeletor
31%
Seiya
30%
Jayce
28%
Actarus
27%
Joe l'Indien
25%
Eliza Delajungle
24%
Isidore
22%
Georgie
16%
Aucun quiz correspondant
Distribution des résultats
% des personnes avec chaque résultat
Percentile par nombre de réponses
Votre historique - résultats
Vous n’avez pas pris ce quiz